|
|
|
|
| LEADER |
00000nam0a2200000 4500 |
| 001 |
124977 |
| 005 |
20231031131202.0 |
| 010 |
|
|
|a 5699146598
|
| 035 |
|
|
|a (RuTPU)RU\TPU\book\135251
|
| 090 |
|
|
|a 124977
|
| 100 |
|
|
|a 20071109d2006 km y0rusy50 ca
|
| 101 |
1 |
|
|a rus
|c eng
|
| 102 |
|
|
|a RU
|
| 105 |
|
|
|a y z 000zy
|
| 200 |
1 |
|
|a Искусство убеждать: секреты успешной презентации
|e пер. с англ.
|f М. Вискап
|
| 210 |
|
|
|a Москва
|c Эксмо
|d 2006
|
| 215 |
|
|
|a 224 с.
|
| 225 |
1 |
|
|a Психологический бестселлер
|
| 330 |
|
|
|a Успешная презентация — один из инструментов для построения карьеры и финансового благополучия. Навыки публичных выступлений становятся все более востребованными не только среди бизнесменов, политиков и топ-менеджеров, но и специалистов самых разных сфер деятельности. Умение выступить перед аудиторией, наладить с ней прочный контакт и донести до нее свои идеи становится особенно ценным качеством в эпоху бурного развития информационных технологий. Марк Вискап, президент компании «Wiskup Communication», предоставляет вам возможность освоить самые современные методы подготовки и проведения презентаций. Из этой книги вы узнаете, что необходимо для хорошего выступления, как сделать его лаконичным, ярким и убедительным, а также чего следует избегать при его подготовке. Вы сумеете оценить свои сильные и слабые стороны в качестве оратора, познакомиться со специальными психологическими приемами воздействия на аудиторию. Автор раскрывает плюсы и минусы использования компьютерной программы «PowerPoint», делится с читателем секретами, которые позволят сделать ее эффективным инструментом в руках любого докладчика.
|
| 610 |
1 |
|
|a психология
|
| 610 |
1 |
|
|a общение
|
| 610 |
1 |
|
|a деловое общение
|
| 610 |
1 |
|
|a убеждение
|
| 610 |
1 |
|
|a презентации
|
| 610 |
1 |
|
|a публичные выступления
|
| 610 |
1 |
|
|a продажи
|
| 610 |
1 |
|
|a эффективность
|
| 686 |
|
|
|a Ю953
|v LBC/SL-A
|2 rubbk
|
| 686 |
|
|
|a У821.4
|v LBC/SL-A
|2 rubbk
|
| 700 |
|
1 |
|a Вискап
|b М.
|g Марк
|
| 801 |
|
1 |
|a RU
|b 63413507
|c 20071109
|g PSBO
|
| 801 |
|
2 |
|a RU
|b 63413507
|c 20120517
|g PSBO
|
| 900 |
|
|
|a Искусство презентации
|
| 900 |
|
|
|a Искусство презентаций
|
| 942 |
|
|
|c BK
|
| 959 |
|
|
|a 78/20071106
|d 1
|e 121,55
|f ЧЗГЛ:1
|